[Event "45th Olympiad 2024"]
[Site "Budapest HUN"]
[Date "2024.09.22"]
[Round "11.18"]
[White "Rodshtein, M."]
[Black "Atabayew, S."]
[Result "1-0"]
[WhiteElo "2600"]
[BlackElo "2516"]
[PlyCount "99"]
[EventDate "2024.09.11"]
[WhiteTeam "Israel"]
[BlackTeam "Turkmenistan"]
[WhiteTeamCountry "ISR"]
[BlackTeamCountry "TKM"]

1. Nf3 Nf6 2. g3 d5 3. Bg2 Bg4 4. O-O Nbd7 5. d3 e5 6. h3 Bxf3 7. Bxf3 c6 8. e4 dxe4 9. dxe4 Nc5 $146 ({RR} 9... Bc5 10. Nd2 O-O 11. Qe2 a5 12. Bg2 a4 13. Nc4 b5 14. Ne3 Re8 15. Bd2 g6 16. b4 axb3 17. axb3 Nb6 18. Kh2 Qe7 19. Ng4 Nbd7 20. Nxf6+ Nxf6 21. h4 Kg7 22. Bh3 Red8 23. Rxa8 Rxa8 24. Bg5 {Nikolic,P (2638)-Grabarczyk,M (2450) Germany 2012 ½-½}) 10. Qe2 Qd7 11. Bg2 Ne6 12. Rd1 Nd4 13. Qf1 O-O-O 14. Rd2 Qc7 15. c3 Ne6 16. Rxd8+ Qxd8 17. Nd2 h5 18. Nf3 Qc7 19. Qe2 Bc5 20. b4 Bb6 21. Bd2 Rd8 22. h4 Ng4 23. Be1 Qd6 24. Bh3 g6 25. a4 a6 26. Ra2 Qd3 27. Kg2 f6 28. Nh2 f5 29. Rd2 Qb1 30. Rxd8+ Nxd8 31. exf5 gxf5 32. Bxg4 fxg4 33. Qxe5 Bc7 34. Qe2 a5 35. f3 gxf3+ 36. Nxf3 Qb3 37. Ng5 Qxa4 38. bxa5 Qa1 39. c4 Qb1 40. Bf2 Qg6 41. Bb6 Bxb6 42. axb6 c5 43. Qd1 Qc6+ 44. Kh3 Qg6 45. Qf3 Qb1 46. g4 Qxb6 47. gxh5 Kd7 48. Qd5+ Ke7 49. h6 Qb1 50. Qxc5+ 1-0

[Event "45th Olympiad 2024"]
[Site "Budapest HUN"]
[Date "2024.09.22"]
[Round "11.23"]
[White "Bachmann, Ax"]
[Black "Peralta, Fe"]
[Result "1-0"]
[WhiteElo "2560"]
[BlackElo "2558"]
[PlyCount "167"]
[EventDate "2024.09.11"]
[WhiteTeam "Paraguay"]
[BlackTeam "Argentina"]
[WhiteTeamCountry "PAR"]
[BlackTeamCountry "ARG"]

1. g3 d5 2. Nf3 Nf6 3. Bg2 e6 4. O-O Be7 5. d3 O-O 6. Nbd2 b6 7. e4 dxe4 8. dxe4 Bb7 9. Qe2 Nc6 10. e5 Nd7 11. Rd1 Qc8 12. h4 ({RR} 12. Nb3 Rd8 13. Bf4 a5 14. a3 a4 15. Nbd4 Nxd4 16. Nxd4 Bxg2 17. Kxg2 Qb7+ 18. Qf3 Qxf3+ 19. Kxf3 Nc5 20. Nc6 Re8 21. Be3 Rac8 22. Bxc5 Bxc5 23. Rd7 b5 24. b4 axb3 25. cxb3 Kf8 26. a4 bxa4 {Svidler,P (2729)-Rosen,E (2353) chess24.com INT 2019 1-0 (52)}) ({RR} 12. Nb3 Rd8 13. Bf4 a5 14. a3 a4 15. Nbd4 Nxd4 16. Nxd4 Bxg2 17. Kxg2 Qb7+ 18. Qf3 Qxf3+ 19. Kxf3 Nc5 20. Nc6 Re8 21. Be3 Rac8 22. Bxc5 Bxc5 23. Rd7 b5 24. b4 axb3 25. cxb3 Kf8 26. a4 bxa4) ({RR} 12. a4 a5 13. Nc4 Rd8 14. h4 Nf8 15. Bg5 h6 16. Bxe7 Nxe7 17. Nd4 Bxg2 18. Kxg2 Rd5 19. Nb5 Qd7 20. Ne3 Rxd1 21. Rxd1 Qc6+ 22. Qf3 Rc8 23. Na7 Qxf3+ 24. Kxf3 Ra8 25. Nb5 Rc8 26. h5 Nc6) 12... Rd8 13. Nf1 ({RR} 13. b3 a5 14. Bb2 a4 15. Ne4 axb3 16. axb3 Rxa1 17. Rxa1 h6 18. Bc3 Nc5 19. Ned2 Bf8 20. b4 Nd7 21. b5 Ne7 22. Ne4 Nd5 23. Bd4 Nc5 24. Bxc5 Bxc5 25. Rd1 Be7 26. Nd4 Qa8 27. Qg4 Kf8 {Ortega Amarelle,M (2453)-Tchouka,Y (1932) Budapest HUN 2024 1-0 (34)}) 13... Nc5 $146 ({RR} 13... Nf8 14. Bg5 Bxg5 15. hxg5 Ng6 16. c3 Rd5 17. Rxd5 exd5 18. Re1 Qd7 19. e6 fxe6 20. Qxe6+ Qxe6 21. Rxe6 Kf7 22. Re2 Rd8 23. Rd2 Bc8 24. Ne3 Be6 25. b4 Nce7 26. Nd4 c5 27. bxc5 bxc5 28. Nxe6 {Szabo,L-Dzieciolowski,A Szczawno Zdroj 1957 1-0 (39)}) ({RR} 13... Nf8 14. Bg5 Rxd1 15. Rxd1 Qe8 16. c3 Rd8 17. N3d2 Ng6 18. Bxe7 Ngxe7 19. Ne3 Nf5 20. Nxf5 exf5 21. f4 Na5 22. Bxb7 Nxb7 23. Nb3 a5 24. Rxd8 Nxd8 25. Nd4 g6 26. Qb5 Qxb5 27. Nxb5 Ne6) 14. Bf4 Rxd1 15. Rxd1 Qe8 16. c3 a5 17. Nd4 a4 18. Ne3 Rd8 19. h5 h6 20. Ng4 a3 21. b3 Nxd4 22. cxd4 Bxg2 23. Kxg2 Qc6+ 24. f3 Nb7 25. Rc1 Qd7 26. Qa6 c5 27. Qxb6 Rc8 28. Ne3 Nd8 29. Rd1 cxd4 30. Rxd4 Qe8 31. Nc4 Bc5 32. Qa6 Nc6 33. Rd2 Nb4 34. Qxa3 Ra8 35. Qc1 Nxa2 36. Qc2 Nb4 37. Qe4 Nd5 38. Be3 Bxe3 39. Nxe3 Nxe3+ 40. Qxe3 Qc6 41. Qf4 Qb7 42. b4 Rb8 43. Rd4 Qa7 44. Kh3 Qa4 45. Qd2 Qb3 46. Rf4 Qb1 47. Qd7 Rf8 48. Kg4 Qe1 49. Qd6 Qb1 50. Qc5 Qh1 51. Qc4 Qe1 52. Re4 Qd2 53. Rf4 Qe1 54. Qd4 Qb1 55. Re4 Qh1 56. Qd2 Qb1 57. Qe2 Rb8 58. Qc4 Qb2 59. Rd4 Qb1 60. f4 Qf5+ 61. Kh4 Qb1 62. Qc7 Rf8 63. Qb7 Qb2 64. Qe4 Qh2+ 65. Kg4 Qb2 66. Qd3 Rb8 67. b5 Kh8 68. Rd8+ Rxd8 69. Qxd8+ Kh7 70. Qd3+ Kg8 71. Kf3 Qb4 72. Ke2 Qc5 73. Qb3 Qb6 74. Qc4 Qg1 75. Qc8+ Kh7 76. Qc2+ Kg8 77. Qc8+ Kh7 78. Qc6 Qh2+ 79. Kf1 Qxh5 80. Qc2+ g6 81. Kg2 Kg7 82. b6 g5 83. b7 g4 84. Qf2 1-0

[Event "Titled Tue 17th Sep Early"]
[Site "chess.com INT"]
[Date "2024.09.17"]
[Round "5"]
[White "Mitrabha, G."]
[Black "Nihal, Sarin"]
[Result "1-0"]
[WhiteElo "2518"]
[BlackElo "2668"]
[PlyCount "99"]
[EventDate "2024.09.17"]

1. Nf3 c5 2. g3 Nc6 3. Bg2 e5 4. O-O d5 5. c4 Nf6 6. cxd5 Nxd5 7. Nc3 Nc7 8. a3 f6 9. e3 Be7 ({RR} 9... Bg4 10. h3 Bh5 11. g4 Bf7 12. d4 exd4 13. exd4 cxd4 14. Ne2 Bc5 15. b4 Bb6 16. Bb2 O-O 17. Nexd4 Bd5 18. Nf5 Re8 19. g5 Qd7 20. N3h4 Ne5 21. gxf6 gxf6 22. a4 Bxg2 23. Kxg2 Nd5 24. Kh1 {Topalov,V (2769)-Ivanchuk,V (2763) Bucharest 2012 0-1 (45)}) 10. Ne2 $146 ({RR} 10. d4 cxd4 11. exd4 exd4 12. Ne2 Ne6 13. b4 d3 14. Nf4 Nxf4 15. Bxf4 O-O 16. Re1 Bg4 17. Re3 Qb6 18. Qxd3 Kh8 19. Rae1 Rad8 20. Qc3 Bd6 21. Bxd6 Rxd6 22. Nd2 Rdd8 23. Nb3 Bc8 24. Bxc6 bxc6 {Uhlmann,W (2440)-Hoffmann,A (2433) Germany 2002 1-0 (32)}) ({RR} 10. d4 cxd4 11. exd4 exd4 12. Ne2 d3 13. Nf4 Bf5 14. Re1 O-O 15. Qb3+ Kh8 16. Nh4 Nd4 17. Qxb7 Rb8 18. Qxa7 Bg4 19. Rxe7 Ne2+ 20. Kh1 Nxc1 21. Rxc7 d2 22. Rcxc1 dxc1=Q+ 23. Rxc1 Rxb2 24. Bd5 Qe8 {Schulz,K (2166)-Brilej,J (2280) chess.com INT 2024 1-0 (41)}) 10... O-O 11. d4 cxd4 12. exd4 e4 13. Nd2 f5 14. Nc4 Be6 15. Ne5 Nxe5 16. dxe5 Qxd1 17. Rxd1 Rfd8 18. Be3 Nd5 19. Nf4 Nxe3 20. Rxd8+ Bxd8 21. Nxe6 Ng4 22. Rd1 Bb6 23. Rd7 Re8 24. Nxg7 Rxe5 25. Bf1 Rc5 26. Ne6 Rc2 27. Rg7+ Kh8 28. Rf7 Bxf2+ 29. Kh1 h6 30. h3 Ne3 31. Bb5 Rxb2 32. Be8 Bxg3 33. Rf8+ Kh7 34. Rf7+ Kh8 35. Rf8+ Kh7 36. Rf7+ Kg6 37. Rxb7+ Kf6 38. Rxb2 Kxe6 39. Rb7 f4 40. Bc6 Ke5 41. Rb4 f3 42. Rxe4+ Kd6 43. Rxe3 Kxc6 44. Rxf3 Be5 45. Rf5 Bb2 46. a4 Kd6 47. Rh5 Bc1 48. Kg2 Ke6 49. Kf3 Kf6 50. Ra5 1-0

[Event "Titled Tue 17th Sep Early"]
[Site "chess.com INT"]
[Date "2024.09.17"]
[Round "6"]
[White "Grebnev, Aleksey"]
[Black "Rustemov, A."]
[Result "1-0"]
[WhiteElo "2530"]
[BlackElo "2525"]
[PlyCount "49"]
[EventDate "2024.09.17"]

1. Nf3 {Roiz,Michael} d5 2. e3 Nf6 3. c4 c6 4. Nc3 a6 5. h3 b5 ({RR} 5... e6 6. b3 ({RR} 6. d4 Nbd7) 6... Bd6 ({RR} 6... c5 7. cxd5 ({RR} 7. d4 Nc6 8. Bb2 cxd4 9. Nxd4 Bd6 10. Be2 O-O 11. O-O Qe7) 7... exd5 8. d4 Nc6 9. Bb2 cxd4 10. Nxd4 Bd6 11. Nxc6 bxc6 12. Bd3 O-O 13. O-O) ({RR} 6... Nbd7 7. d4 ({RR} 7. Bb2 e5) 7... Bb4 8. Bd2 O-O 9. Bd3 Bd6 ({RR} 9... Qe7) 10. O-O e5 11. cxd5 cxd5 12. dxe5 Nxe5 13. Nxe5 Bxe5 14. Rc1) 7. d4 Nbd7 8. Bb2 O-O 9. Be2 ({RR} 9. Bd3 e5 ({RR} 9... Re8 10. O-O e5 11. dxe5 Nxe5 12. cxd5 cxd5 13. Na4 Nc6 14. Bxf6 Qxf6 15. Nb6 Rb8 16. Nxd5) 10. cxd5 cxd5 11. dxe5 Nxe5 12. O-O Nxf3+ 13. Qxf3 Be5 14. Rfd1) 9... Qe7 10. g4 ({RR} 10. O-O e5 ({RR} 10... b6 11. Qc2 Bb7) 11. dxe5 ({RR} 11. cxd5 e4 12. Nd2 cxd5) 11... Nxe5 12. cxd5 Nxf3+ 13. Bxf3 Qe5 14. g3 Bxh3 15. dxc6 bxc6 ({RR} 15... Bxf1 16. cxb7 Rad8 17. Qxf1) 16. Re1 Rfd8 17. Qc2 Qg5 18. Ne2) 10... b5 11. g5 ({RR} 11. Qc2 dxc4 12. bxc4 bxc4 13. g5 Nd5 14. Bxc4 Rb8) ({RR} 11. c5 Bc7 12. b4 a5 13. a3 e5) 11... Ne4 12. Nxe4 ({RR} 12. c5 Bc7 13. Nxe4 dxe4 14. Nd2 e5 15. Qc2 f5) 12... dxe4 13. Nd2 f5 ({RR} 13... Qxg5 14. Nxe4 Bb4+ 15. Kf1 Qh4 16. Nd2) 14. h4 ({RR} 14. gxf6 Nxf6 15. Qc2 e5 16. O-O-O exd4 17. Bxd4 ({RR} 17. exd4 Bf5 18. Nf1 bxc4 19. Bxc4+ Nd5 20. Ne3 Kh8) 17... Be5) 14... e5 ({RR} 14... c5 15. cxb5 cxd4 16. Bxd4 axb5 17. Bxb5 Ne5) 15. c5 Bc7 16. a4 ({RR} 16. b4 exd4 17. exd4 Kh8 18. a4 Bb7 19. Qb3 {RR} f4 20. f3) 16... f4 ({RR} 16... exd4 17. exd4 Bb7 ({RR} 17... e3 18. Nf3 Re8 19. Qd3 exf2+ 20. Kxf2) 18. b4 f4 19. Qc2 e3 20. Nf3) 17. Qc2 ({RR} 17. axb5 fxe3 18. bxc6 exf2+ 19. Kf1 exd4 20. cxd7 Bxd7 21. Bxd4 e3 22. Nf3 Rad8 23. Bc4+ Be6) 17... fxe3 ({RR} 17... exd4 18. Bxd4 Ne5 19. Nxe4 ({RR} 19. axb5 cxb5 20. Qxe4 Bf5 21. Qd5+ Kh8) 19... Bf5 20. O-O-O Qe6) 18. fxe3 exd4 19. Bxd4 ({RR} 19. exd4 e3 20. Nf1 Qf7 21. O-O-O Re8) 19... Ne5 20. axb5 {Carlsen,M (2877)-Solak,D (2632) Tromsoe 2014 CBM 162 [Roiz,Michael] 1-0 (60)} ({RR} 20. Nxe4 Nf3+ ({RR} 20... Ba5+ 21. Kd1 Bg4 22. Bxg4 Nxg4 23. Kc1 Bc7) 21. Bxf3 Rxf3 22. axb5 cxb5 23. Rg1 Qe8) {RR} 20... cxb5 21. Qxe4 Bf5 22. Qd5+ Kh8 23. O-O-O Rfd8 24. Qg2 Rac8) ({RR} 5... e6 6. b3 c5 7. cxd5 exd5 8. d4 Nc6 9. Bb2 Bd6 10. Be2 O-O 11. dxc5 Bxc5 12. O-O Be6 13. Rc1 Qe7 14. Bd3 Rfd8 15. Ne2 Rac8 16. Bxf6 gxf6 17. Nfd4 Nxd4 18. Nxd4 Bxd4 19. exd4 f5 20. Re1 {Bachmann,A (2582)-Rustemov,A (2525) chess.com INT 2024 1-0 (48)}) 6. b3 Bf5 ({RR} 6... g6 7. d4 Bg7 8. Bd3 O-O 9. Bd2 Bb7 10. c5 a5 11. a3 Nfd7 12. b4 axb4 13. axb4 Rxa1 14. Qxa1 e5 15. Qa7 Qc8 16. O-O Re8 17. Bxb5 cxb5 18. Nxb5 Bf8 19. Ra1 exd4 20. exd4 Nf6 21. Bf4 {Kachiani-Gersinska,K (2296)-Kulovana,E (2097) Germany GER 2025 1-0 (46)}) 7. g4 $146 ({RR} 7. Be2 e6 8. O-O Bd6 9. d4 Nbd7 10. Bb2 Qb8 11. c5 Bc7 12. b4 O-O 13. a4 Re8 14. Nh4 Qb7 15. g4 Bg6 16. f4 Rad8 17. g5 Ne4 18. Nxg6 hxg6 19. Nxe4 dxe4 20. Qb1 f5 21. Ra3 Bb8 {Iturrizaga Bonelli,E (2605)-Luque Saiz,A (2257) Linares 2021 1-0 (41)}) 7... Bg6 8. Ne5 e6 9. h4 Nfd7 10. Nxg6 hxg6 11. h5 Bd6 12. Bb2 Nf6 13. Bg2 g5 14. cxd5 cxd5 15. e4 dxe4 16. Nxe4 Ra7 17. Nxg5 Nbd7 18. Qe2 Qe7 19. Ne4 Ba3 20. Bd4 Rc7 21. Nxf6+ Nxf6 22. g5 Nd5 23. Bxd5 exd5 24. Bxg7 Rg8 25. h6 1-0

[Event "Titled Tue 17th Sep Early"]
[Site "chess.com INT"]
[Date "2024.09.17"]
[Round "6"]
[White "Carlsen, M."]
[Black "Zhigalko, S."]
[Result "1-0"]
[WhiteElo "2832"]
[BlackElo "2572"]
[PlyCount "67"]
[EventDate "2024.09.17"]

1. Nf3 d5 2. b3 Nf6 3. Bb2 e6 4. e3 Bd6 5. c4 O-O 6. Nc3 b6 7. g3 Bb7 8. Bg2 c5 9. O-O dxc4 10. bxc4 Nc6 $146 ({RR} 10... Nbd7 11. Qe2 e5 12. d3 Re8 13. Nh4 Bxg2 14. Nxg2 Nf8 15. Rfd1 Qd7 16. Ne4 Nxe4 17. dxe4 Qc6 18. Qc2 Bc7 19. Nh4 Nd7 20. f3 Rad8 21. g4 Qf6 22. Qf2 Nb8 23. Ng2 Qe6 24. Rd5 Nc6 25. Bc3 {Bellahcene,B (2522)-Eugene,F (2422) Cappelle la Grande FRA 2024 0-1 (61)}) 11. Nh4 Na5 12. Bxb7 Nxb7 13. f4 Be7 14. Qe2 Qd7 15. d3 Rad8 16. Rad1 Rfe8 17. g4 Qc6 18. g5 Nd7 19. Ne4 Nd6 20. Ng3 Bf8 21. e4 b5 22. e5 Nc8 23. Ne4 bxc4 24. dxc4 Ndb6 25. Rc1 Rd7 26. f5 exf5 27. Nxf5 Red8 28. Nh6+ gxh6 29. Nf6+ Kh8 30. Nxd7 Rxd7 31. e6+ Rd4 32. Qe5+ Bg7 33. Bxd4 cxd4 34. exf7 1-0

[Event "Titled Tue 17th Sep Early"]
[Site "chess.com INT"]
[Date "2024.09.17"]
[Round "8"]
[White "Firouzja, Alireza"]
[Black "Terry, R."]
[Result "1-0"]
[WhiteElo "2767"]
[BlackElo "2508"]
[PlyCount "93"]
[EventDate "2024.09.17"]

1. Nf3 Nf6 2. g3 b6 3. Bg2 Bb7 4. O-O g6 5. c4 Bg7 6. d4 e6 7. b3 ({RR} 7. Nc3 Ne4 8. Nxe4 Bxe4 9. Bg5 f6 10. Bf4 O-O 11. Qd2 f5 12. Rfd1 Nc6 13. d5 Na5 14. Rac1 Bxf3 15. exf3 e5 16. Bg5 Qe8 17. Re1 Nb7 18. Bh6 Bxh6 19. Qxh6 Qe7 20. Rc3 Rae8 21. Rce3 Nd6 {Radjabov,T (2747)-Hou,Y (2650) Chess.com INT 2022 1-0 (61)}) ({RR} 7. Nc3 Ne4 8. Nxe4 Bxe4 9. Bg5 Qc8 10. Qd2 Qb7 11. Rfd1 h6 12. Bf4 d6 13. d5 e5 14. Be3 f5 15. Nh4 Bxg2 16. Nxg6 Bh3 17. Nxh8 Bxh8 18. Bxh6 f4 19. Bxf4 exf4 20. Qxf4 Qc8 21. Qh6 Kf7 {Matta,N (2286)-Bachmann,A (2578) chess.com INT 2024 0-1 (40)}) ({RR} 7. Nc3 Ne4 8. Nxe4 Bxe4 9. Bg5 Qc8 10. Qd2 O-O 11. Bh6 d6 12. Bxg7 Kxg7 13. Qf4 Bb7 14. d5 e5 15. Qd2 Nd7 16. e4 a5 17. Nh4 Qd8 18. Qc3 Kg8 19. b3 Nc5 20. Rae1 Qe7 21. Bh3 Rae8 {Andreikin,D (2729)-Terry,R (2514) chess.com INT 2024 1-0 (60)}) 7... O-O 8. Bb2 d6 9. Qc2 $146 ({RR} 9. Nc3 Ne4 10. Qc2 Nxc3 11. Bxc3 Nd7 12. e4 c5 13. Rad1 Qe7 14. Rfe1 Rfd8 15. h4 Rac8 16. Qd2 Nf6 17. Qd3 e5 18. d5 Rb8 19. a3 Bc8 20. b4 h6 21. Rb1 Bd7 22. Nd2 Rdc8 23. Nf1 h5 {Mikhalevski,V (2516)-Norowitz,Y (2429) Chess.com INT 2017 0-1 (61)}) 9... Be4 10. Qc1 Bb7 11. Rd1 Nbd7 12. a4 a5 13. Nc3 Ne4 14. Nb5 f5 15. Ng5 Bh6 16. f4 Bxg5 17. fxg5 Rb8 18. d5 e5 19. Bxe4 fxe4 20. Qe3 Nc5 21. Ba3 Bc8 22. Bxc5 bxc5 23. Kg2 Bg4 24. h3 Bd7 25. Rf1 Qe7 26. g4 Rf4 27. Rxf4 exf4 28. Qxf4 Rf8 29. Qe3 Qe5 30. Nc3 Re8 31. Rd1 Re7 32. Nb1 Qb2 33. Rf1 Be8 34. Nd2 Qc2 35. Rf4 Bf7 36. Rxe4 Rd7 37. Re8+ Kg7 38. Rb8 Qb2 39. Nf3 Qa1 40. Kf2 Qb2 41. h4 Bg8 42. h5 gxh5 43. gxh5 Rf7 44. Qe8 Qd4+ 45. Kg3 Qf4+ 46. Kg2 Qg4+ 47. Kf2 1-0

[Event "Titled Tue 17th Sep Early"]
[Site "chess.com INT"]
[Date "2024.09.17"]
[Round "9"]
[White "Firouzja, Alireza"]
[Black "Xiong, Jeffery"]
[Result "1-0"]
[WhiteElo "2767"]
[BlackElo "2646"]
[PlyCount "51"]
[EventDate "2024.09.17"]

1. Nf3 Nf6 2. g3 b5 3. b3 Bb7 4. Bg2 g6 5. c4 ({RR} 5. Bb2 Bg7 6. O-O O-O 7. d4 d5 8. Nbd2 Nbd7 9. Ne5 Ne4 10. Ndf3 Nxe5 11. Nxe5 e6 12. Qd3 a6 13. c4 c5 14. cxb5 cxd4 15. Bxd4 axb5 16. Rfc1 Qd6 17. f4 Rfc8 18. Bf3 f6 19. Ng4 f5 {Thogata,R (2040)-Jankowiak,T (2093) chess.com INT 2024 1-0 (32)}) 5... a6 $146 ({RR} 5... bxc4 6. bxc4 c5 7. Nc3 Bg7 8. Rb1 Bc6 9. O-O O-O 10. Qc2 Na6 11. d3 d6 12. e4 Nc7 13. d4 cxd4 14. Nxd4 Bd7 15. Rd1 Ng4 16. Nd5 Rc8 17. Qe2 Ne5 18. Ne3 Ne6 19. Bb2 Nxd4 20. Bxd4 {Javakhadze,Z (2470)-Brodsky,D (2330) Charlotte 2017 0-1 (71)}) ({RR} 5... bxc4 6. bxc4 c5 7. Nc3 d6 8. Rb1 Bc6 9. d4 Bg7 10. d5 Bd7 11. O-O O-O 12. e4 Bc8 13. Re1 Nbd7 14. Bb2 Ne8 15. Qc2 Rb8 16. Nb5 Bxb2 17. Rxb2 Rb7 18. Nd2 a6 19. Nc3 Rxb2 20. Qxb2 {Radjabov,T (2734)-Ivanchuk,V (2715) Wijk aan Zee 2015 ½-½ (53)}) 6. Nc3 b4 7. Na4 Bg7 8. Bb2 O-O 9. Nc5 Bc8 10. d4 d6 11. Nd2 Ra7 12. Nd3 a5 13. d5 c5 14. dxc6 Ra6 15. c5 Nxc6 16. cxd6 Qxd6 17. Nc4 Qc7 18. Rc1 Qa7 19. Ne3 Nb8 20. O-O Rd8 21. Qc2 Bd7 22. Rfd1 Rd6 23. Be5 Re6 24. Qc7 Qxc7 25. Bxc7 Rc8 26. Bb7 1-0

[Event "Titled Tue 17th Sep Late"]
[Site "chess.com INT"]
[Date "2024.09.17"]
[Round "3"]
[White "Janik, Igor"]
[Black "Hansen, SuB"]
[Result "1-0"]
[WhiteElo "2501"]
[BlackElo "2520"]
[PlyCount "81"]
[EventDate "2024.09.17"]

1. Nf3 Nf6 2. g3 g6 3. Bg2 Bg7 4. O-O O-O 5. d4 d6 6. c4 Nbd7 7. Qc2 e5 8. Rd1 Qe7 9. Nc3 Re8 10. e4 c6 11. h3 exd4 12. Nxd4 Ne5 $146 ({RR} 12... Nc5 13. Re1 Ng4 14. Rd1 Nf6 15. Re1 Ng4 16. Rd1 Nf6 {½-½ (16) Eliskases,E-Najdorf,M Montevideo 1956}) ({RR} 12... Nc5 13. f3 a5 14. Be3 a4 15. Rab1 h6 16. Bf2 Nfd7 17. f4 Nb6 18. b3 axb3 19. axb3 Nbd7 20. Re1 Qd8 21. b4 Ne6 22. Nxe6 Rxe6 23. c5 Ra3 24. Rb3 Rxb3 25. Qxb3 dxc5 26. bxc5 Re8 27. e5 {Drygalov,S (2483)-Friedel,J (2552) Chess.com INT 2020 1-0 (33)}) ({RR} 12... Nc5 13. f3 a5 14. Kh2 Nfd7 15. Bf4 Ne5 16. b3 Bd7 17. Rd2 Rad8 18. Rad1 h6 19. Nde2 Bc8 20. Be3 g5 21. Bg1 Ng6 22. Nd4 Be6 23. Nce2 Bc8 24. a3 Ne6 25. Nf5 Qf8 26. Nxd6 Re7 27. Nf5 {Zou,C (2449)-Martinez,S (1869) chess.com INT 2024 1-0 (59)}) 13. b3 a6 14. f4 Ned7 15. Bb2 Nc5 16. Re1 Nh5 17. Nde2 a5 18. g4 Nf6 19. Ng3 Qc7 20. Rad1 Nfd7 21. Qf2 Na6 22. Na4 Bxb2 23. Nxb2 Ndc5 24. Nd3 Nxd3 25. Rxd3 a4 26. e5 dxe5 27. Ne4 Kh8 28. fxe5 Be6 29. Qf6+ Kg8 30. Qh4 Kg7 31. Rd6 h6 32. Qf6+ Kh7 33. Kh2 axb3 34. axb3 Qe7 35. Qf4 Kg7 36. Nf6 Red8 37. Red1 Nc5 38. b4 Rxd6 39. Rxd6 Nd7 40. Nxd7 Bxd7 41. Qf6+ 1-0

[Event "Titled Tue 17th Sep Late"]
[Site "chess.com INT"]
[Date "2024.09.17"]
[Round "7"]
[White "Yoo, Christopher Woojin"]
[Black "Grigoriants, S RUS"]
[Result "1-0"]
[WhiteElo "2603"]
[BlackElo "2533"]
[PlyCount "123"]
[EventDate "2024.09.17"]

1. Nf3 d5 2. g3 c6 3. Bg2 Bg4 4. O-O e6 5. h3 Bh5 6. c4 Nf6 7. d4 Nbd7 8. cxd5 exd5 9. Nc3 ({RR} 9. Qb3 Qb6 10. Qe3+ Be7 11. Nh4 Bg6 12. Nc3 Kf8 13. Nxg6+ hxg6 14. Qd3 Re8 15. Rb1 Kg8 16. b4 a6 17. Re1 Nf8 18. e4 dxe4 19. Nxe4 Nxe4 20. Rxe4 Qd8 21. Qe2 Rh5 22. Bf3 Rd5 23. Bb2 Rd6 {Vachier Lagrave,M (2758)-Kramnik,V (2777) Berlin 2015 ½-½ (63)}) ({RR} 9. Ne5 Ne4 10. Bxe4 dxe4 11. Nc3 Nxe5 12. dxe5 Qxd1 13. Rxd1 Be7 14. Be3 b6 15. Rd4 f5 16. exf6 Bxf6 17. Rxe4+ Kf7 18. Rf4 Bg6 19. Bd4 Rhd8 20. Rd1 c5 21. Bxf6 Rxd1+ 22. Nxd1 gxf6 23. Kf1 Rd8 {Samadov,R (2501)-Dai,C (2527) chess.com INT 2025 1-0 (34)}) 9... Bxf3 $146 ({RR} 9... Bd6 10. Nh4 O-O 11. f4 Ne8 12. Nf5 Bc7 13. Qe1 Bg6 14. Nh4 f6 15. Nxg6 hxg6 16. g4 Nd6 17. Qh4 Re8 18. f5 gxf5 19. gxf5 Nf8 20. Qh5 Nf7 21. Bf4 Bxf4 22. Rxf4 Nh6 23. Raf1 Qd6 24. Kh1 {Kashlinskaya,A (2494)-Prilleltensky,M (2136) Chess.com INT 2021 1-0 (35)}) 10. Bxf3 Bd6 11. e4 dxe4 12. Bxe4 O-O 13. Bc2 Re8 14. Qd3 Nf8 15. Rd1 Qd7 16. Kg2 Bc7 17. Qf3 Nd5 18. Bb3 Rad8 19. Bg5 f6 20. Be3 Ne6 21. Nxd5 cxd5 22. Rac1 Bb6 23. Qf5 Kh8 24. Bc2 Nf8 25. Qf3 Qf7 26. b4 Re7 27. a4 a6 28. h4 Rc7 29. Bb3 Rxc1 30. Rxc1 Qd7 31. h5 Ne6 32. Qf5 Nf8 33. Qxd7 Rxd7 34. Rc8 Kg8 35. a5 Bc7 36. Bd2 Kf7 37. Bxd5+ Rxd5 38. Rxc7+ Rd7 39. Rxd7+ Nxd7 40. d5 Ne5 41. Bc3 Nc4 42. Kf3 f5 43. Ke2 b5 44. Kd3 g6 45. hxg6+ hxg6 46. Kd4 Ke7 47. Kc5 Kd7 48. f4 Kc7 49. d6+ Kd7 50. Be5 g5 51. Kd5 g4 52. Kc5 Nd2 53. Kb6 Ne4 54. Kxa6 Nxg3 55. Kxb5 Ne2 56. a6 g3 57. a7 g2 58. a8=Q g1=Q 59. Qc6+ Ke6 60. d7+ Ke7 61. d8=Q+ Kxd8 62. Bf6# 1-0

[Event "Titled Tue 17th Sep Late"]
[Site "chess.com INT"]
[Date "2024.09.17"]
[Round "7"]
[White "Aravindh, Chithambaram VR."]
[Black "Durarbayli, Vasif"]
[Result "1-0"]
[WhiteElo "2698"]
[BlackElo "2626"]
[PlyCount "107"]
[EventDate "2024.09.17"]

1. Nf3 c5 2. c4 Nf6 3. b3 b6 4. Bb2 e6 5. g3 Bb7 6. Bg2 Be7 7. O-O O-O 8. Nc3 d5 9. cxd5 Nxd5 10. Qc2 Nc6 ({RR} 10... Nd7 11. Rad1 Rc8 12. Qb1 Qc7 13. h4 h6 14. e4 Nxc3 15. dxc3 Rfd8 16. Bc1 c4 17. Bf4 e5 18. Rxd7 Qxd7 19. Nxe5 Qe8 20. Nxc4 Ba6 21. Re1 Bxc4 22. bxc4 Rxc4 23. e5 Qa4 24. e6 Rxf4 25. gxf4 {Zeller,F (2325)-Kocak,E (2173) Schwaebisch Gmuend GER 2025 ½-½ (60)}) 11. Rac1 Rc8 12. Qb1 Bf6 13. Rfe1 $146 ({RR} 13. Nxd5 Bxb2 14. Qxb2 Qxd5 15. Ne5 Qd6 16. Nxc6 Bxc6 17. Bxc6 Rxc6 18. Rc4 Rfc8 19. Rfc1 h6 20. d3 R8c7 21. R1c2 b5 22. R4c3 Qd4 23. Qc1 a6 24. a4 e5 25. axb5 axb5 26. Ra2 Rf6 27. e3 Qd5 {Graf,A (2574)-Ivanchuk,V (2787) Merida 2007 1-0 (41)}) 13... Nxc3 14. dxc3 c4 15. e4 Ne5 16. Nxe5 Bxe5 17. f4 Bd6 18. Rcd1 Qe7 19. b4 e5 20. Bc1 Rfd8 21. Be3 Bb8 22. a4 h6 23. f5 Bc6 24. Qc2 Rd7 25. b5 Rxd1 26. Rxd1 Be8 27. Rd5 Bd6 28. Qd2 Bc5 29. Bxc5 Rxc5 30. Rd8 Kf8 31. Bh3 Rc7 32. Rd5 f6 33. Bf1 Qa3 34. Rd8 Qc5+ 35. Kg2 Ke7 36. Rd5 Qa3 37. Be2 Qxa4 38. Qb2 Bf7 39. Bd1 Qa5 40. Rd2 Rc5 41. Be2 Qxb5 42. Qc2 Qc6 43. Bf3 a5 44. g4 b5 45. h4 b4 46. g5 b3 47. Qc1 hxg5 48. hxg5 a4 49. g6 Be8 50. Qa3 Qb6 51. Rd5 b2 52. Rxc5 b1=Q 53. Rc7+ Kd8 54. Qe7# 1-0

[Event "Titled Tue 17th Sep Late"]
[Site "chess.com INT"]
[Date "2024.09.17"]
[Round "11"]
[White "Aravindh, Chithambaram VR."]
[Black "Lazavik, Denis"]
[Result "1-0"]
[WhiteElo "2698"]
[BlackElo "2578"]
[PlyCount "57"]
[EventDate "2024.09.17"]

1. Nf3 f5 2. h3 d6 3. g4 fxg4 4. hxg4 Bxg4 5. d4 Nf6 $146 ({RR} 5... Bxf3 6. exf3 e5 7. Bd3 Qf6 8. Nc3 Nc6 9. Ne4 Qe7 10. d5 Nd8 11. Bg5 Nf6 12. f4 Nf7 13. Bxf6 gxf6 14. Bb5+ Kd8 15. Qh5 a6 16. Bd3 Bh6 17. f5 Kc8 18. Ke2 Kb8 19. Qf3 Ka7 20. Rxh6 {Aravindh,C (2641)-Papasimakopoulos,A (2251) Chess.com INT 2021 1-0 (34)}) 6. Nc3 e6 7. Ng5 Qe7 8. f3 Bh5 9. Bh3 Bf7 10. Nxf7 Qxf7 11. e4 Nbd7 12. Be3 O-O-O 13. Qe2 Kb8 14. O-O-O Nb6 15. a4 a6 16. a5 Nc8 17. d5 exd5 18. exd5 g6 19. Be6 Qe7 20. Rd4 Bg7 21. Rb4 Ka8 22. Rhh4 Nd7 23. Rxb7 Kxb7 24. Rb4+ Ncb6 25. Na4 c5 26. dxc6+ Kxc6 27. Bxb6 Nc5 28. Bxc5 dxc5 29. Qxa6+ 1-0

[Event "Titled Tue 17th Sep Late"]
[Site "chess.com INT"]
[Date "2024.09.17"]
[Round "11"]
[White "Carlsen, M."]
[Black "Oparin, G."]
[Result "1-0"]
[WhiteElo "2832"]
[BlackElo "2662"]
[PlyCount "91"]
[EventDate "2024.09.17"]

1. Nf3 Nf6 2. g3 b5 3. e3 a6 4. Bg2 Bb7 5. O-O c5 6. b3 e6 7. c4 Be7 8. Nc3 O-O 9. d4 cxd4 $146 ({RR} 9... d5 10. cxd5 Nxd5 11. Nxd5 Bxd5 12. dxc5 Bxc5 13. Bb2 Nd7 14. Qe2 Nf6 15. Rfd1 Qe7 16. Ne5 Rac8 17. Bxd5 Nxd5 18. a4 f6 19. Nd3 Bb6 20. axb5 axb5 21. e4 Nc3 22. Bxc3 Rxc3 23. Nf4 Rb8 24. Rd3 {Svidler,P (2747)-Oparin,G (2604) Zuerich 2017 1-0 (35)}) 10. exd4 b4 11. Na4 d6 12. d5 exd5 13. Nd4 Nbd7 14. Nf5 Re8 15. cxd5 Bf8 16. Bf4 Ne5 17. Rc1 Rc8 18. Rxc8 Qxc8 19. Ne3 Ng6 20. Qd4 Nxf4 21. Qxf4 Qd8 22. Qxb4 Qc7 23. Qb6 Qd7 24. Rc1 Rc8 25. Rxc8 Qxc8 26. h3 g6 27. Kh2 h5 28. Nb2 h4 29. Nbc4 hxg3+ 30. fxg3 Qd7 31. a4 Nh5 32. Bf3 Ng7 33. Ng4 Qe7 34. Qe3 Nf5 35. Qxe7 Bxe7 36. b4 Nd4 37. Bg2 Nc2 38. b5 axb5 39. axb5 Nd4 40. b6 Ba6 41. Na5 Bd8 42. b7 Bc7 43. Nc6 Nxc6 44. dxc6 Kg7 45. Ne3 Bb8 46. Nd5 1-0